Ecuador in perspective.
| Format: | Book |
|---|---|
| Published: |
Quito:
Ministry of Foreign Affairs,
1993.
|
| Subjects: |
| LEADER | 00437cam a2200157 7i4500 | ||
|---|---|---|---|
| 001 | 0000005885 | ||
| 005 | 19991025090000.0 | ||
| 002 | ##000007531 | ||
| 020 | 0 | 0 | |a T000005855 |
| 090 | 0 | 0 | |a ECUA 330.9 |b ECU |
| 245 | 0 | 0 | |a Ecuador in perspective. |
| 260 | 0 | 0 | |a Quito: |b Ministry of Foreign Affairs, |c 1993. |
| 300 | 0 | 0 | |a 13 p.. |
| 650 | 0 | 0 | |a Ecuador -- |x Economic conditions |
| 651 | 0 | 0 | |a Ecuador |
| 999 | |a 0000008755 |b Book |c Open shelf |e Business Information Centre | ||